00457nam a2200157Ia 450000500170000000800410001708200130005810000140007124500280008526000410011330000130015465000120016794200060017995200990018599900150028420250318024529.0240331s9999 xx 000 0 und d bKONa894 aKonanghi, 0aKollanin aaru penmakkal aSivagangaibAgaram Publicationc1990 a169 p ., aStories cL 001040708LaWERCLbWERCLcSSCd2024-03-31l0o 894.811 KONp2135r2024-03-31w2024-03-31yL c4037d4037